000 00899nam a2200265 i 4500
003 DO-SdBNP
005 20250509094601.0
007 ta
008 250509b2025 dr a|||| |||| 00| 0 spa d
020 _a9789945656091
040 _aDO-SdBNP
_bspa
_cBNPHU
_erda
041 _aspa
082 4 _axxx
_bxxx
_222
100 _aRodríguez Castro, Duleidys
_d1982 -
_4aut.
_978889
_eautor
245 1 4 _aLos Pulá de San Cristóbal de los ingenios /
_cDuleidys Rodríguez Castro.
264 _aSanto Domingo, República Dominicana :
_bEditorial Santuario,
_c2025.
300 _a53 páginas :
_bilustraciones ;
_c24 cm.
336 _ardacontent
_btxt
_2rdacontent
337 _asin mediación
_bn
_2rdamedia
338 _avolumen
_bnc
_2rdacarrier
500 _aIncluye referencias bibliográficas y notas al pie de las páginas
504 _aBibliografía: página 53
910 _aLP
942 _2ddc
_cLBS1
999 _c58796
_d58796